| 000 | 006260000a22001930004500 | ||
|---|---|---|---|
| 020 | _a84-8267-304-1 | ||
| 041 | 0 | _aSPA | |
| 082 | 0 | 4 | _aG 270.092 T854m |
| 100 | 1 | _aMurray, Andrew (1828-1917) | |
| 245 | 1 | 0 | _aÉpoca Moderna : Lo mejor de Andrew Murray, Comentarios bíblicos devocionales / Andrew Murray; Ana Magdalena Troncoso, Compilador |
| 260 | _aTerrassa, Barcelona, España : CLIE | ||
| 300 | _a351 Pag | ||
| 440 | 0 | _aColección Grandes Autores de la Fe; No. 120-3 | |
| 001 | 12048 | ||
| 942 | _cBK | ||
| 999 |
_c41078 _d41078 |
||
| 336 |
_atexto _btxt _2rdacontent |
||
| 337 |
_2rdamedia _asin mediación _bn |
||
| 338 |
_2rdacarrier _avolumen _bnc |
||